| 000 | 01607nam a22004097a 4500 | ||
|---|---|---|---|
| 003 | CHAP | ||
| 005 | 20220817044534.0 | ||
| 008 | 150812s2012 mx r 00010 spa d | ||
| 010 | _a103635 | ||
| 011 | _a104607 | ||
| 035 | _a115297 | ||
| 040 | _cCHAP | ||
| 090 | _aTesis | ||
| 100 | 1 |
_aVenegas Samperio, Moises _9118688 |
|
| 245 | 1 | 0 |
_aDiseño, construcción y pruebas de un aerogenerador de aprovechamiento multidireccional del viento _h[En línea] _c/por Moises Venegas Samperio y Jesus Francisco Andrade Yañez |
| 260 |
_aChapingo, Méx. : _bEl autor, _c2012 |
||
| 500 | _aPara ver el contenido del material haga clic en la liga | ||
| 502 | _aTesis (Ing. Mecánico Agrícola) -- UACH. Departamento de Ingeniería Mecánica Agrícola | ||
| 590 |
_aALEPH _b10 _c20130110 _lUCH01 _h1545 |
||
| 590 |
_aBATCH-UPD _b10 _c20130110 _lUCH01 _h1419 |
||
| 590 |
_aBATCH-UPD _b10 _c20130410 _lUCH01 _h0542 |
||
| 590 |
_aBATCH-UPD _b10 _c20130914 _lUCH01 _h1204 |
||
| 590 |
_aBATCH-UPD _b10 _c20140324 _lUCH01 _h1532 |
||
| 590 |
_aBATCH-UPD _b10 _c20141002 _lUCH01 _h0854 |
||
| 590 |
_aBATCH _b00 _c20181121 _lUCH01 _h0758 |
||
| 590 |
_aCONVERSION _b10 _c20130109 _lUCH01 _h1357 |
||
| 650 | 0 | 4 | _aDinamos. |
| 650 | 0 | 4 |
_aEnergía eólica. _936903 |
| 650 | 0 | 4 |
_aEnergía renovable. _936910 |
| 700 | 1 |
_aAndrade Yanez, Jesus Francisco. _95672 |
|
| 856 |
_3Finding aid _uhttp://10.13.5.2/tesis/115297.pdf _zTeclea aqui |
||
| 856 |
_a1 _n0000367 |
||
| 901 | _aBK | ||
| 942 | _cFOLL | ||
| 949 |
_aTesis _bBC _cTES _d33724002346728 _eTS1 _h53676 _i115297 _st |
||
| 949 |
_aTesis _bBC _cTES _d33724002346842 _eTS2 _fc.2 _h53677 _i115297 _st |
||
| 999 |
_c103635 _d103635 |
||